000 00475nam a2200181Ia 4500
001 10817
003 IN-NITTTR
005 20251114233101.0
008 251113s9999||||xx |||||||||||||| ||eng||
040 _beng
040 _cIN-NITTTR
041 _aeng
082 _a371.425 B123D
100 _aBachhuber, Thomas D
245 0 _aDirections :
_b A guide to career planning. /
_cBachhuber, Thomas D, Harwood, Richard K.
700 _a Harwood, Richard K.
942 _2ddc
_cBK
999 _c13453
_d13453